000 00671nam a2200253Ia 4500
003 OSt
005 20221005050312.0
006 a|||||r|||| 00| 0
007 ta
008 221004b |||||||| |||| 00| 0 mal d
020 _c1.00
024 _a57097
037 _cTextual
040 _aCRL
_cCRL
_bmal
041 _2mal
_amal
082 _aO32,3NGKx, J8
100 _aKutty N.Govindan Au.
245 0 _aPishachukkalude lokathil
260 _aKottayam
_bNational Bookstall
_c1958
300 _a98p.
_ccm.
650 _aMALAYALAM FICTION
_9183428
942 _hO32,3NGKx, J8
_cTEXL
_2cc
999 _c956702
_d956702